|
|
|
|
| LEADER |
00000nam0a2200000 4500 |
| 001 |
329088 |
| 005 |
20231102004127.0 |
| 020 |
|
|
|a RU
|
| 035 |
|
|
|a (RuTPU)RU\TPU\book\354830
|
| 035 |
|
|
|a RU\TPU\book\297092
|
| 090 |
|
|
|a 329088
|
| 100 |
|
|
|a 20170306d1980 km y0rusy5003 ca
|
| 101 |
0 |
|
|a rus
|
| 102 |
|
|
|a RU
|
| 105 |
|
|
|a a z 001zy
|
| 200 |
1 |
|
|a Охрана труда в нефтяной промышленности
|f М. М. Сулейманов [и др.]
|
| 210 |
|
|
|a Москва
|c Недра
|d 1980
|
| 215 |
|
|
|a 391 с.
|c ил.
|
| 606 |
1 |
|
|a Нефтегазодобывающие предприятия
|x Охрана труда
|2 stltpush
|3 (RuTPU)RU\TPU\subj\45580
|9 64773
|
| 610 |
1 |
|
|a нефтяные предприятия
|
| 610 |
1 |
|
|a охрана труда
|
| 610 |
1 |
|
|a условия труда
|
| 610 |
1 |
|
|a гигиена
|
| 610 |
1 |
|
|a производственная санитария
|
| 610 |
1 |
|
|a электробезопасность
|
| 610 |
1 |
|
|a технологические процессы
|
| 610 |
1 |
|
|a бурение
|
| 610 |
1 |
|
|a подземный ремонт
|
| 610 |
1 |
|
|a скважины
|
| 610 |
1 |
|
|a пожарная профилактика
|
| 610 |
1 |
|
|a средства пожаротушения
|
| 610 |
1 |
|
|a техника безопасности
|
| 675 |
|
|
|a 622.323.013:658.3(075.32)
|z rus
|v 3
|
| 701 |
|
1 |
|a Сулейманов
|b М. М.
|g Мухтар Муталибович
|
| 701 |
|
1 |
|a Газарян
|b Г. С.
|g Григорий Суренович
|
| 701 |
|
1 |
|a Манвелян
|b Э. Г.
|g Элеонора Григорьевна
|
| 701 |
|
1 |
|a Тимошук
|b А. Б.
|g Александр Борисович
|
| 801 |
|
0 |
|a RU
|b 63413507
|c 19950417
|g psbo
|
| 801 |
|
1 |
|a RU
|b 63413507
|c 20141029
|
| 801 |
|
2 |
|a RU
|b 63413507
|c 20170313
|g RCR
|
| 942 |
|
|
|c BK
|